000 05441nab a22008777 4500
003 AR-RoUNA
022 _a0327-9022
040 _aAR-RoUNA
_bspa
041 _aspa
044 _aag
245 _aSumma+
260 _aBuenos Aires (Argentina):
_cDonn SA,
_b1993.
300 _a128 p. :
_bil. byn.
_bplanos
_c34X25 cm.
505 0 _tINDICE
505 0 _tEDIFICIOS UNIVERSITARIOS - GIRO HACIA ADELANTE
505 0 _aFabían de la Puente, Raúl Eugenio Pieroni, arqs. Guillermo Raddavero, arqs. Coautor / Edificio Corona del Tornavías, Campus Universitario Miguelete Universidad Nacional de General San Martin, Av. 25 de Mayo, alt. calle Francia, General San Martin. p. 4
505 0 _tEDIFICIOS UNIVERSITARIOAS - PROYECCION ACADEMICA
505 0 _aJorge O. Moscato, Rolando H. Schere / Cine Universitario Tita Merello, Ex talleres ferroviarios de Remedios de Escalada, avda 29 de Septiembre 3901, Lanús, Buenos Aires. p. 12
505 0 _tCONGRESO INTERNACIONAL - PATRIMONIOS
505 0 _aLaura Raffaglio / Una demanda mundial. p. 18
505 0 _tHOTEL - REVITALIZACION EN EL CENTRO - RECICLAJE
505 0 _aUrgell-Penedo-Urgell, Armando Otero / Reciclaje del Hotel Continental, Avda Roque Sáenz Peña 725,Buenos Aires. p.20
505 0 _tRECUPERAR EL GRAN SALÓN
505 0 _aRedondo & Asociados arquitectos / Plaza Flamingo Mall, Paraná, Entre Ríos, 2005. p. 28
505 0 _tEDIFICIOS COMECIALES - POTENCIAR EL PASADO
505 0 _aAslan y Ezcurra y asociados / Oficinas y Locales para renta, Maipú y Tucumán, Buenos Aires, 2005. p. 34
505 0 _tENSAYO
505 0 _aClaudia Piantá Costa Cabral / Una Fábula de la técnica (Archigram). p. 38
505 0 _tCENTRO DE EVENTOS
505 0 _aFlorencia Rodríguez / El tema es la conciliación. p. 44
505 0 _aJorge Eckstein, Estela Alvarenga, arq. / El Zanjón de Granados, San Telmo, Buenos Aires, 2006. p. 44
505 0 _aCarlos Goñi /Reconstruir el vaci. Wussmann, San Telmo, Buenos Aires, Argentina, 2005. p. 48
505 0 _tSTUD, REENCUENTRO Y REUSO
505 0 _aAFRA, Saturnino Armendares, Pablo Ferreiro, Joaquín Leuda / Bar Deriva, Dardo Rocha 2260, Martínez, Buenos Aires, 2004. p. 54
505 0 _tESQUINA DE BARRIO
505 0 _aBAU Arqs; Gustavo Rangoni, Cecilia Katz, Pablo Betti, Leonardo Elizalde, Gabriela Batlle, arqs. / El Mirador, Rivadavia y Gral Paz, Quilmes, Buenos Aires, 2005. p. 60
505 0 _tARTE Y CULTURA - EXHIBICION
505 0 _aNatalia M. Ginzburg / Estudio Abierto Centro. Palacio de Correos, Buenos Aires, 2006. p. 66
505 0 _aMauricio Corbalán / Alto Castillo. p. 70
505 0 _aAriel Jacubovich / ¨Castillo¨, Castillo 255, Villa Crespo, Buenos Aires, 2002. p. 70
505 0 _tESPACIOS DE VIVIENDA
505 0 _aMatías Guerra y Laura Pizone / La cocina del proyecto. PH Triunvirato, Parque Chas, Ciudad de Buenos Aires, 2006. p. 76
505 0 _aAndrea Lanziani y Hernán Barsanti, arqs. / Verdadera magnitud. Casa ASL., Colegiales, Ciudad de Buenos Aires, 2002. p. 78
505 0 _aTomás Powell / Diseñando Montreal. p. 82
505 0 _tOTRA MIRADA A MONTREAL - VERTIGO EN LAS AULAS
505 0 _aLapointe Magne et Associés / Escuela Nacional de Circo, Montreal, Quebec, Canadá, 2004. p. 84
505 0 _tRESIDENCIAS TEMPORARIOS PARA EL CIRQUE DU SOLEIL - CONTÁINERS APILADOS
505 0 _aÉric Gauthier - Les Architectes Faucher Aubertin Brodeur Gauthier / 115 Studios, Montreal, Quebec, Canadá. p. 86
505 0 _tCONTEXTUALISMO CROMÁTICO
505 0 _aLes Architectes Tétreault Parent Languedoc + Saia Barbarese Topouzanov Architectes / Campus Urbano UQAM, Montreal, Quebec. p. 90
505 0 _tUNIVERSIDAD DE MONTREAL - TOPOGRAFÍA PROGRAMÁTICA
505 0 _aDesnoyers Mercure et Asociés, Menker Shooner Dagenais Letourneux architectes, Saia Barbarese Topounazov architectes / Pabellón Lassonde, Montreal, Quebec, 2004. p. 98
505 0 _tUNIVERDAD DE MONTREAL - EL CORAZÓN DE LA CIENCIA
505 0 _aProvencher Roy + Associés Architectes, Les architectes Desnoyers Mercre & Associés Menkés Shooner Dagenais Architectes / Pabellón J. - Armand - Bombardier, Centro de investigación científica y tecnológica, Universidad de Montreal y École Polytechnique de Montreal. p. 104
505 0 _tSUDAFRICA
505 0 _aFlorencia Rodríguez / Construir juntos, aprender juntos. Estética y compromiso social. p.108
505 0 _aRafael E.J.Iglesia y Ana Coretta / Las miradas de Ouro Preto. p. 112
505 0 _aCayetana Mercé / Libros son amores. p. 114
505 0 _aListos para leer, diseño de libros en España / Exposición itinerante de libros editados en España entre 2000 y 2005. p.114
505 0 _aRoberto Fernández / El excéntrico Señor Fuksas. p. 123
505 0 _tPOST-SCRIPTUM
505 0 _aTrevosr Boddy / Museos vs. Bibliotecas. p.128
600 0 _927314
_aChalk, Warren
_d1927-1987
650 _aArquitectura contemporánea
650 _aEdificios educativos
_924358
650 _aEdificios comerciales
_93537
650 _aHoteles
_9746
650 _aPabellones universitarios
_927315
650 _aUniversidades
_93804
651 4 _aMontreal (Canadá)
_9102
773 0 _aSumma+
_dBuenos Aires, Argentina
_gNº85 (feb-2007), p.192
_x0327-9022
908 _aImp
942 _2udc
_cART
945 _d2022-07-08
980 _6138
_aCarolina Rainero
_85
_gMaría Machado
999 _c12053
_d12053